| 000 | 00884nam a2200301 a 4500 | ||
|---|---|---|---|
| 001 | 675 | ||
| 003 | BD-RjUL | ||
| 005 | 20211208233221.0 | ||
| 008 | 120919s2012 enk d 001 0 eng | ||
| 020 | _a9780199587261 (pbk.) | ||
| 035 | _a(BD-RjUL)695 | ||
| 040 |
_aDLC _cDLC _dDLC _dBD-RjUL _beng |
||
| 041 | _aeng | ||
| 082 | 0 | 0 |
_a791.4303 _bKUD 2012 _223 |
| 100 | 1 |
_aKuhn, Annette. _9116043 |
|
| 245 | 1 | 2 |
_aA dictionary of film studies / _cAnnette Kuhn, Guy Westwell. |
| 246 | 1 | 4 | _aOxford dictionary of film studies |
| 250 | _a1st ed. | ||
| 260 |
_aOxford : _bOxford University Press, _c2012. |
||
| 300 |
_aix, 516 p. ; _c20 cm. |
||
| 490 | 0 | _aOxford paperback reference | |
| 500 | _aIncludes indexes. | ||
| 650 | 0 |
_aMotion pictures _vDictionaries. _9116044 |
|
| 700 | 1 |
_aWestwell, Guy. _9116045 |
|
| 942 |
_2ddc _cREF |
||
| 999 |
_c675 _d675 |
||